Relacionar, clasificar, seriar, transformar : (Record no. 83615)

MARC details
000 -CABECERA
campo de control de longitud fija 00812nam a2200241 a 4500
005 - FECHA Y HORA DE LA ÚLTIMA TRANSACCIÓN
campo de control 20221019063519.0
008 - ELEMENTOS DE LONGITUD FIJA--INFORMACIÓN GENERAL
campo de control de longitud fija 010716s1996 es r 000 0 spa d
020 ## - NÚMERO INTERNACIONAL NORMALIZADO PARA LIBROS
Número Internacional Estándar del Libro 8478692355
035 ## - NÚMERO DE CONTROL DEL SISTEMA
Número de control de sistema UPN01000109705
049 ## - COLECCIÓN
Colección I
050 #4 - SIGNATURA TOPOGRÁFICA DE LA BIBLIOTECA DEL CONGRESO
Número de clasificación LB1131
Número de documento/Ítem P7.6 no.3
100 1# - ASIENTO PRINCIPAL--NOMBRE PERSONAL
Nombre de persona Yuste Hernanz, Carlos
9 (RLIN) 29510
245 10 - MENCIÓN DE TÍTULO
Título Relacionar, clasificar, seriar, transformar :
Resto del título programas para la estimulación de las habilidades de la inteligencia /
Mención de responsabilidad, etc. Carlos Yuste Hernanz, Manuel Trallero Sanz.
260 ## - PUBLICACIÓN, DISTRIBUCIÓN, ETC.
Lugar de publicación, distribución, etc. Madrid :
Nombre del editor, distribuidor, etc. CEPE,
Fecha de publicación, distribución, etc. 1996.
300 ## - DESCRIPCIÓN FÍSICA
Extensión 128 p. :
Otras características físicas il.
440 #0 - MENCIÓN DE SERIE/ASIENTO SECUNDARIO--TÍTULO
Título Progresint ;
Designación de volumen o secuencia 3
500 ## - NOTA GENERAL
Nota general "Educación infantil. Segundo ciclo"
650 #4 - ASIENTO SECUNDARIO DE MATERIA - TERMINO TEMATICO
Término de materia o nombre geográfico como elemento de entrada AGRUPACION
9 (RLIN) 2211
650 #2 - ASIENTO SECUNDARIO DE MATERIA - TERMINO TEMATICO
Término de materia o nombre geográfico como elemento de entrada Clasificación
9 (RLIN) 5262
650 #4 - ASIENTO SECUNDARIO DE MATERIA - TERMINO TEMATICO
Término de materia o nombre geográfico como elemento de entrada SERIES (MATEMATICAS)
700 1# - ASIENTO SECUNDARIO--NOMBRE DE PERSONAL
Nombre de persona Trallero Sanz, Manuel,
Término indicativo de función/relación coaut.
9 (RLIN) 31808
905 ## - TIPO DE MATERIAL
Tipo de material Infantil
Holdings
Estado de retiro Estado de pérdida Fuente del sistema de clasificación o colocación Estado dañado No para préstamo Código de colección Localización permanente Ubicación/localización actual Ubicación en estantería Fecha de adquisición Total de préstamos Clasificación Código de barras Fecha visto por última vez Número de copia Tipo de ítem Koha
    Library of Congress Classification   En proceso de revisión Infantil Bib. Gregorio Torres Quintero Bib. Gregorio Torres Quintero Sala infantil Planta baja 11/05/2023 1 LB1131 P7.6 no.3 174904 31/12/2020 1 Libro